00365nam a2200145Ia 450000100060000000800410000602000180004704000130006508200200007810000160009824500780011426000090019230000110020154600070021213775140402s9999 xx 000 0 und d a0-415-07590-4 cPK-LaUMT a 320.956bOWE-S aOwen, Roger aState, power and politics in the making of the modern middlecOwen, Roger c1992 a302 p. aEN